[Event "Bundesliga (2nd) North 1995/96"]
[Site "masterchessopen.com Germany"]
[Round "0"]
[White "Rogozenko Dorian (ROM)"]
[Black "Mach Holger (GER)"]
[Result "1-0"]
[WhiteElo "2440"]
[BlackElo "2290"]

1.d4 Nf6 2.c4 g6 3.g3 Bg7 4.Bg2 d5 5.cxd5 Nxd5 6.Nf3 O-O 7.O-O Nb6 8.Nc3 Nc6
9.d5 Na5 10.e4 c6 11.Bg5 h6 12.Bf4 cxd5 13.Nxd5 Nxd5 14.exd5 Nc4 15.Qc1 Nb6
16.Bxh6 Nxd5 17.Rd1 e6 18.Bxg7 Kxg7 19.Ne5 Qa5 20.Ng4 Rh8 21.a3 Rh5 22.Rd3 Bd7
23.b4 Qd8 24.Qb2+ f6 25.Re1 Rf5 26.Be4 Bc6 27.b5 Qb6 28.Qd2 Rg5 29.bxc6 Rxg4
30.Bxd5 exd5 31.Re7+ Kf8 32.Rxb7 {#r} 1-0

[Event "It"]
[Site "masterchessopen.com Hastings (England)"]
[Round "0"]
[White "Maric Alisa (SRB)"]
[Black "Howell James C (ENG)"]
[Result "1-0"]
[WhiteElo "2445"]
[BlackElo "2525"]

1.Nf3 Nf6 2.c4 g6 3.g3 Bg7 4.Bg2 O-O 5.d4 d5 6.cxd5 Nxd5 7.O-O Nb6 8.Nc3 Nc6
9.e3 e5 10.d5 Na5 11.e4 c6 12.Bg5 f6 13.Be3 cxd5 14.Bxb6 Qxb6 15.Nxd5 Qd8
16.Rc1 Nc6 17.b4 f5 18.exf5 e4 19.f6 Bh6 20.Rxc6 { ! } 20...exf3 ( 20...bxc6
21.Ne7+ Kh8 22.Qxd8 Rxd8 23.Ne5 Be6 24.Bxe4 { ± } ) 21.Rd6 { !! } 21...fxg2
22.Re1 { ! } 22...Qxd6 ( 22...Bd7 23.Rxd7 { ! +?? } ) 23.Ne7+ Qxe7 24.fxe7 Re8
25.g4 { !! } 25...Bg7 26.Qd5+ Kh8 27.h3 a6 28.b5 Rb8 29.Qd6 Ra8 30.bxa6 b6 (
30...Rxa6 31.Qd8 { +?? } ) ( 30...bxa6 31.Qc6 { +?? } ) 31.Qc6 Bxa6 32.Qxa8 {
! } {#r} 1-0

[Event "It (open)"]
[Site "masterchessopen.com Hlohovec (Slovakia)"]
[Round "2"]
[White "Zhidkov Valery S (UKR)"]
[Black "Boric Muhamed (BIH)"]
[Result "1-0"]
[WhiteElo "2325"]
[BlackElo "2435"]

1.Nf3 Nf6 2.c4 g6 3.g3 Bg7 4.Bg2 O-O 5.O-O d5 6.cxd5 Nxd5 7.d4 Nb6 8.Nc3 Nc6
9.e3 Re8 10.d5 Na5 11.Nd4 Bd7 12.b4 Nac4 13.a4 a5 14.b5 Rb8 15.Ra2 Qc8 16.Re1
e5 17.Nb3 Bg4 18.Qc2 Bf5 19.e4 Bh3 20.Nd2 Bxg2 21.Kxg2 Nd6 22.Nd1 Qd7 23.Ne3
Rec8 24.Ba3 c6 25.Qc5 {#r} 1-0

[Event "It (open)"]
[Site "masterchessopen.com Oberwart (Austria)"]
[Round "7"]
[White "Eingorn Vereslav S (UKR)"]
[Black "Jukic Branimir (CRO)"]
[Result "1-0"]
[WhiteElo "2600"]
[BlackElo "2400"]

1.d4 Nf6 2.Nf3 g6 3.c4 Bg7 4.g3 O-O 5.Bg2 d5 6.cxd5 Nxd5 7.O-O Nb6 8.Nc3 Nc6
9.e3 e5 10.d5 Ne7 11.e4 Bg4 12.a4 c6 13.a5 Nc4 14.a6 bxa6 15.b3 Nd6 16.Ba3 Qc7
17.h3 Bxf3 18.Qxf3 cxd5 19.Rac1 Qd7 20.Nxd5 Nxd5 21.Rcd1 Rfd8 22.Rxd5 Qe6
23.Rfd1 Nb7 24.Bf1 Rxd5 25.exd5 Qb6 26.d6 Rd8 27.d7 Bf6 28.Bc4 e4 29.Qxe4 {#r}
1-0

[Event "Ch Croatia (team) (2nd league)"]
[Site "masterchessopen.com Opatija (Croatia)"]
[Round "7"]
[White "Muhvic Damir (CRO)"]
[Black "Prizmic Miodrag (CRO)"]
[Result "1-0"]
[WhiteElo "2244"]
[BlackElo "2272"]

1.d4 Nf6 2.c4 g6 3.Nf3 Bg7 4.g3 O-O 5.Bg2 d5 6.cxd5 Nxd5 7.O-O Nb6 8.Nc3 Nc6
9.e3 e5 10.d5 e4 11.dxc6 Qxd1 12.Rxd1 exf3 13.Bxf3 bxc6 14.Bxc6 Rb8 15.Nb5 Nc4
16.a4 Bf5 17.Nd4 Rfd8 18.Bf3 Bh3 19.Nc6 Rxd1+ 20.Bxd1 Rb6 21.Bf3 a5 22.Ne7+
Kf8 23.Nd5 Rb3 24.Nxc7 Nxb2 25.Rb1 g5 26.Bd2 Bc3 27.Bd5 {#r} 1-0

[Event "It (open) \"]
[Site "masterchessopen.com Trelew (Argentina)"]
[Round "3"]
[White "Garcia Raimundo (ARG)"]
[Black "Rivero Jose Luis (ARG)"]
[Result "1-0"]
[WhiteElo "2395"]
[BlackElo "2147"]

1.d4 Nf6 2.c4 g6 3.g3 Bg7 4.Bg2 d5 5.cxd5 Nxd5 6.Nf3 Nb6 7.O-O O-O 8.Nc3 Nc6
9.d5 Na5 10.Qc2 Nac4 11.Rd1 a6 12.a4 Nd6 13.a5 Nbc4 14.Bf4 Bf5 15.e4 Bg4 16.b3
Bxf3 17.Bxf3 Ne5 18.Bg2 b5 19.Rac1 Rc8 20.Bxe5 Bxe5 21.f4 Bg7 22.e5 Nf5 23.Qf2
f6 24.exf6 Bxf6 25.Ne4 c5 26.Rxc5 Qxa5 27.Nxf6+ exf6 28.d6 Qb6 29.Bd5+ Kg7
30.Rc7+ {#r} 1-0

[Event "It (open) \"]
[Site "masterchessopen.com General Pico City (Argentina)"]
[Round "2"]
[White "Tempone Marcelo (ARG)"]
[Black "Bronstein Luis (ARG)"]
[Result "1-0"]
[WhiteElo "2455"]
[BlackElo "2390"]

1.Nf3 Nf6 2.g3 g6 3.Bg2 Bg7 4.O-O O-O 5.c4 d5 6.cxd5 Nxd5 7.d4 Nb6 8.Nc3 Nc6
9.e3 e5 10.d5 Na5 11.e4 c6 12.Bg5 f6 13.Be3 cxd5 14.Bxb6 Qxb6 15.Nxd5 Qd8
16.b4 Nc6 17.b5 Ne7 18.Nd2 Nxd5 19.exd5 f5 20.Nc4 e4 21.Rc1 h5 22.f3 exf3
23.Qxf3 h4 24.Rfe1 hxg3 25.Qxg3 g5 26.Qd3 f4 27.d6 Qf6 28.Ne5 Bf5 29.Qd1 Rad8
{#r} 1-0

[Event "Bundesliga (2nd) East 1995/96"]
[Site "masterchessopen.com Germany"]
[Round "0"]
[White "Grabarczyk Miroslaw (POL)"]
[Black "Bewersdorff Oliver (GER)"]
[Result "1-0"]
[WhiteElo "2525"]
[BlackElo "2370"]

1.d4 Nf6 2.c4 g6 3.Nf3 Bg7 4.g3 O-O 5.Bg2 d5 6.cxd5 Nxd5 7.O-O Nb6 8.Nc3 Nc6
9.d5 Na5 10.Qc2 c6 11.dxc6 Nxc6 12.Rd1 Bd7 13.Bf4 Rc8 14.Qc1 Qe8 15.Bh6 Nc4
16.Bxg7 Kxg7 17.b3 Nd6 18.Qb2 f6 19.Rd2 Be6 20.Rad1 Kg8 21.Nd4 Nxd4 22.Rxd4 b6
23.h4 Kg7 24.Bd5 Qf7 25.e4 Rfd8 26.Ne2 Bxd5 27.exd5 e5 28.dxe6 Qxe6 29.Nf4 Qe5
30.Nd3 Qh5 31.Re1 Rd7 32.Nf4 Qf5 33.Rd5 Qg4 34.Qd4 {#r} 1-0

[Event "It (open)"]
[Site "masterchessopen.com Krasnodar (Russia)"]
[Round "6"]
[White "Zangiev Pavel (RUS)"]
[Black "Beshukov Sergei (RUS)"]
[Result "1-0"]
[WhiteElo "2270"]
[BlackElo "2460"]

1.d4 Nf6 2.Nf3 g6 3.c4 Bg7 4.g3 O-O 5.Bg2 d5 6.cxd5 Nxd5 7.O-O Nb6 8.Nc3 Nc6
9.d5 Na5 10.Bf4 c6 11.dxc6 Nxc6 12.Qc1 e5 13.Bg5 f6 14.Be3 Be6 15.Ne4 Nd5
16.Bc5 Rf7 17.Rd1 Qa5 18.e3 b6 19.Nfg5 fxg5 20.Nxg5 bxc5 21.Rxd5 Bxd5 22.Bxd5
Qd8 23.Bxf7+ Kh8 24.Ne4 Qd7 25.Bc4 Rf8 26.Bf1 Qf5 27.Bg2 Nd8 28.Qxc5 Ne6
29.Qxa7 h5 30.h3 Bh6 31.Rf1 g5 32.a4 g4 33.h4 Qg6 34.Rd1 Bg7 35.Rd6 Qf5 36.Qd7
{#r} 1-0

[Event "It (open)"]
[Site "masterchessopen.com La Coruna (Spain)"]
[Round "2"]
[White "Paunovic Dragan (SRB)"]
[Black "Gonzalez Diaz Julio (ESP)"]
[Result "1-0"]
[WhiteElo "2495"]
[BlackElo "2249"]

1.Nf3 Nf6 2.c4 g6 3.g3 Bg7 4.Bg2 O-O 5.d4 d5 6.cxd5 Nxd5 7.O-O Nb6 8.Nc3 Nc6
9.e3 Re8 10.b3 e5 11.dxe5 Nxe5 12.Nxe5 Qxd1 13.Rxd1 Bxe5 14.Bb2 c6 15.Rd2 Bg4
16.Ne4 Bxb2 17.Rxb2 Nd5 18.Rd2 Kf8 19.Nd6 Re7 20.e4 Rd7 21.Nxb7 Rxb7 22.exd5
Rd7 23.Rc1 cxd5 24.Rxd5 Rxd5 25.Bxd5 Rd8 26.Rc5 Bh3 27.f4 Ke7 28.Kf2 Kd6 29.b4
Rd7 30.Bf3 Be6 31.a4 Re7 32.a5 h5 33.Rc3 Re8 34.Rc6+ {#r} 1-0

[Event "Cup Russia (open)"]
[Site "masterchessopen.com Moscow (Russia)"]
[Round "1"]
[White "Burmakin Vladimir (RUS)"]
[Black "Zhelesny Stanislav (RUS)"]
[Result "1-0"]
[WhiteElo "2505"]
[BlackElo "2240"]

1.d4 Nf6 2.c4 g6 3.Nf3 Bg7 4.g3 d5 5.cxd5 O-O 6.Bg2 Nxd5 7.O-O Nb6 8.Nc3 Nc6
9.e3 Bg4 10.h3 Be6 11.b3 Nb4 12.Ba3 a5 13.Ne4 Bf5 14.Nh4 e5 15.Nxf5 gxf5
16.Nc5 exd4 17.Nxb7 Qe7 18.exd4 c6 19.Nc5 Rfd8 20.Bb2 N6d5 21.a3 Na6 22.Nd3
Nac7 {#r} 1-0

[Event "Ch Yugoslavia (team) (1 liga)"]
[Site "masterchessopen.com Niksic (Yugoslavia)"]
[Round "7"]
[White "Paunovic Dragan (SRB)"]
[Black "Mitrovic Petar (SRB)"]
[Result "1-0"]
[WhiteElo "2495"]
[BlackElo "2385"]

1.Nf3 Nf6 2.c4 g6 3.g3 Bg7 4.Bg2 O-O 5.d4 d5 6.cxd5 Nxd5 7.O-O Nb6 8.Nc3 Nc6
9.d5 Na5 10.e4 c6 11.Bf4 Nac4 12.Qe2 Bg4 13.h3 Bxf3 14.Bxf3 Ne5 15.Bg2 cxd5
16.exd5 Nbd7 17.Nb5 a6 18.Nd4 Rc8 19.Ne6 fxe6 20.dxe6 Nc5 21.Bxe5 Bxe5 22.Qxe5
Qb6 23.Rad1 a5 24.Rd7 Rf5 25.Qd4 {#r} 1-0

[Event "Cup Russia (open)"]
[Site "masterchessopen.com Omsk (Russia)"]
[Round "2"]
[White "Lopushnoy Denis (RUS)"]
[Black "Smikovski Ivan (RUS)"]
[Result "1-0"]
[WhiteElo "2295"]
[BlackElo "2545"]

1.Nf3 Nf6 2.g3 g6 3.Bg2 Bg7 4.O-O O-O 5.c4 d5 6.cxd5 Nxd5 7.d4 Nb6 8.Nc3 Nc6
9.d5 Na5 10.Qc2 Nxd5 11.Rd1 c6 12.Ne1 Qe8 13.Bxd5 cxd5 14.Nxd5 Bf5 15.e4 Rc8
16.Qd2 Nc4 17.Qb4 Bxe4 18.Nxe7+ Kh8 19.Nxc8 Qxc8 20.Bg5 Qe6 21.Rac1 Bd5 22.Bf6
Qxf6 23.Rxd5 Nb6 24.Rd3 Re8 25.Rf3 Qg5 26.Rd1 f5 27.b3 Qf6 28.Rfd3 h6 29.Ng2
{#r} 1-0

[Event "It (open)"]
[Site "masterchessopen.com Schaan (Liechtenstein)"]
[Round "4"]
[White "Baburin Alexander (IRL)"]
[Black "Pribyl Martin (CZE)"]
[Result "1-0"]
[WhiteElo "2545"]
[BlackElo "2320"]

1.d4 Nf6 2.c4 g6 3.Nf3 Bg7 4.g3 O-O 5.Bg2 d5 6.cxd5 Nxd5 7.O-O Nb6 8.Nc3 Nc6
9.e3 e5 10.d5 Na5 11.e4 c6 12.Bg5 f6 13.Be3 cxd5 14.Bxb6 Qxb6 15.Nxd5 Qd8
16.Rc1 Nc6 17.Qb3 Rf7 18.Rfd1 Be6 19.h4 Rd7 20.Bh3 f5 21.Ng5 Bxd5 22.Rxd5 Rxd5
23.exd5 Nd4 24.Qxb7 Ne2+ 25.Kf1 Nxc1 26.Ne6 Qf6 27.Qxa8+ Bf8 28.Qc6 Nd3 29.Nc5
Qxc6 30.dxc6 Nxc5 31.c7 {#r} 1-0

[Event "It (open) \"]
[Site "masterchessopen.com Spain"]
[Round "9"]
[White "Ridameya Tatche Jose (ESP)"]
[Black "Vidarte Morales Arturo (ESP)"]
[Result "0-1"]
[WhiteElo "1966"]
[BlackElo "2340"]

1.d4 Nf6 2.Nf3 g6 3.g3 Bg7 4.Bg2 O-O 5.c4 d5 6.cxd5 Nxd5 7.O-O Nb6 8.Nc3 Nc6
9.e3 Re8 10.a4 a5 11.Nd2 e5 12.d5 Nb4 13.Nb3 c6 14.e4 cxd5 15.Nxd5 N6xd5
16.exd5 Bf5 17.Nc5 Bc2 18.Qe1 e4 19.Bd2 b6 20.Rc1 Nd3 21.Nxd3 Bxd3 22.Be3 Bxf1
23.Bxf1 Qxd5 24.Bxb6 Bxb2 25.Rb1 Qe5 26.Qd2 Bc3 27.Qe3 Qf6 28.Rb3 Rab8 29.Rb5
Qf3 30.Qc1 Rxb6 31.Rxb6 Bd4 32.Rb2 e3 {#R} 0-1

[Event "Memorial A.Petrov"]
[Site "masterchessopen.com St. Petersburg (Russia)"]
[Round "3"]
[White "Neverov Valeriy (UKR)"]
[Black "Beshukov Sergei (RUS)"]
[Result "0-1"]
[WhiteElo "2515"]
[BlackElo "2460"]

1.d4 Nf6 2.c4 g6 3.Nf3 Bg7 4.g3 O-O 5.Bg2 d5 6.cxd5 Nxd5 7.O-O Nb6 8.Nc3 Nc6
9.d5 Na5 10.e4 c6 11.Bf4 Nac4 12.b3 Bxc3 13.bxc4 Bxa1 14.Qxa1 cxd5 15.cxd5 f6
16.Nd4 Bd7 17.e5 Rc8 18.Re1 Re8 19.h4 Nc4 20.d6 Nxe5 21.Bxe5 fxe5 22.Rxe5 e6
23.Bxb7 Rc4 24.Ba6 Ra4 25.Bb5 Bxb5 26.Nxb5 Qb6 27.Nc7 Rf8 28.Re2 Qxd6 29.Nxe6
Rf7 30.Qc3 h6 31.Qb3 Ra6 32.Nf4 Kg7 33.Ne6+ Kg8 34.Nf4 Kg7 35.Ne6+ {#R} 0-1

[Event "It (open) \"]
[Site "masterchessopen.com Berlin (Germany)"]
[Round "2"]
[White "Kharitonov Andrei V (RUS)"]
[Black "Aubel Jochem (NED)"]
[Result "1-0"]
[WhiteElo "2540"]
[BlackElo "2260"]

1.d4 Nf6 2.Nf3 g6 3.c4 Bg7 4.g3 O-O 5.Bg2 d5 6.cxd5 Nxd5 7.O-O Nb6 8.Nc3 Nc6
9.e3 e5 10.d5 Na5 11.Nd2 Nac4 12.Nxc4 Nxc4 13.e4 Bd7 14.Qb3 b5 15.Nxb5 Rb8
16.Qxc4 Bxb5 17.Qc2 Bxf1 18.Bxf1 f5 19.Be3 Rb4 20.exf5 Rxf5 21.Bh3 e4 22.Bxf5
gxf5 23.Qc6 Rxb2 24.Qe6+ Kh8 25.Rc1 Rxa2 26.d6 Ra1 27.Rxa1 Bxa1 28.d7 Bf6
29.Bd4 {#r} 1-0

[Event "Czech League 1996/97 (1st) (a)"]
[Site "masterchessopen.com Czech Republic"]
[Round "0"]
[White "Mittelbach Zdenek (CZE)"]
[Black "Malecek Jiri (CZE)"]
[Result "1-0"]
[WhiteElo "1976"]
[BlackElo "2008"]

1.c4 g6 2.d4 Nf6 3.Nf3 Bg7 4.g3 O-O 5.Bg2 d5 6.cxd5 Nxd5 7.O-O Nb6 8.Nc3 Nc6
9.e3 e6 10.b3 Ne7 11.Bb2 Nbd5 12.Rc1 Nxc3 13.Bxc3 Rb8 14.Qc2 b6 15.Bb4 Ba6
16.Rfd1 Rc8 17.Ne5 Bxe5 18.dxe5 Qe8 19.Bc6 Nxc6 20.Bxf8 Nxe5 21.Qe4 f6 22.f4
Be2 23.fxe5 Bxd1 24.Bh6 f5 25.Qg2 Qd7 26.Qf1 Bh5 27.h3 c5 28.g4 fxg4 29.Rd1
Qe7 30.Rd6 Rd8 31.Qf4 gxh3 32.Bg5 {#r} 1-0

[Event "Cup Rilton"]
[Site "masterchessopen.com Stockholm (Sweden)"]
[Round "7"]
[White "Engqvist Thomas (SWE)"]
[Black "Tisdall Jonathan D (NOR)"]
[Result "0-1"]
[WhiteElo "2355"]
[BlackElo "2480"]

1.d4 Nf6 2.Nf3 g6 3.c4 Bg7 4.g3 O-O 5.Bg2 d5 6.cxd5 Nxd5 7.O-O Nb6 8.Nc3 Na6
9.h3 h6 10.e4 c5 11.d5 e6 12.Re1 Re8 13.Bf4 g5 14.Bc1 exd5 15.exd5 Rxe1+
16.Nxe1 Nc4 17.Nc2 Nd6 18.Ne3 Qe7 19.a3 Bd7 20.Qh5 f5 21.Bd2 c4 22.Ncd1 Nc5
23.Bc3 f4 24.gxf4 gxf4 25.Bxg7 Qxg7 26.Ng4 Kh7 27.Qe5 Qxe5 28.Nxe5 Nb3 29.Ra2
Re8 30.Nxd7 Re1+ 31.Kh2 Rxd1 32.Nf8+ Kg8 33.Ne6 Rd2 34.Nxf4 c3 {#R} 0-1

[Event "It (open)"]
[Site "masterchessopen.com Swidnica (Poland)"]
[Round "9"]
[White "Neverov Valeriy (UKR)"]
[Black "Zezulkin Jurij (BLR)"]
[Result "1-0"]
[WhiteElo "2560"]
[BlackElo "2465"]

1.d4 Nf6 2.c4 g6 3.Nf3 Bg7 4.g3 O-O 5.Bg2 d5 6.cxd5 Nxd5 7.O-O Nb6 8.Nc3 Nc6
9.d5 Na5 10.e4 c6 11.Bf4 cxd5 12.exd5 Nac4 13.Qe2 Bg4 14.h3 Bxf3 15.Bxf3 Rc8
16.Rac1 Nd6 17.Rfe1 Re8 18.Qd3 Nf5 19.Be4 Nd6 20.Bg2 Nf5 21.b3 e5 22.Bd2 a6
23.Ne4 Rxc1 24.Rxc1 Nxd5 25.Bg5 Qa5 26.Rc5 Qe1+ 27.Kh2 Nb6 28.Bd2 Qa1 29.Ba5
Na8 30.Qd7 Rf8 31.Rc8 Qxa2 32.Bb4 Nb6 33.Nf6+ Kh8 34.Rxf8+ {#r} 1-0

[Event "It (open) \"]
[Site "masterchessopen.com Hawaii (USA)"]
[Round "6"]
[White "Ippolito Dean (USA)"]
[Black "Pruner Earl W (USA)"]
[Result "1-0"]
[WhiteElo "2430"]
[BlackElo "2268"]

1.d4 Nf6 2.c4 g6 3.Nf3 Bg7 4.g3 d5 5.cxd5 Nxd5 6.Bg2 O-O 7.O-O Nb6 8.Nc3 Nc6
9.d5 Na5 10.Qc2 c6 11.dxc6 Nxc6 12.Rd1 Qe8 13.Qe4 h6 14.Qh4 {#r} 1-0

[Event "It (open) \"]
[Site "masterchessopen.com La Pobla de Lillet (Spain)"]
[Round "8"]
[White "Garcia Raul (AND)"]
[Black "Bernabe Duran Francisco (ESP)"]
[Result "1-0"]
[WhiteElo "2340"]
[BlackElo "2255"]

1.d4 Nf6 2.Nf3 g6 3.c4 Bg7 4.g3 O-O 5.Bg2 d5 6.cxd5 Nxd5 7.O-O Nb6 8.Nc3 Nc6
9.e3 e5 10.d5 e4 11.dxc6 Qxd1 12.Rxd1 exf3 13.Bxf3 bxc6 14.Bxc6 Rb8 15.Nd5 Nc4
16.Ne7+ Kh8 17.Nxc8 Rfxc8 18.e4 Nxb2 19.Bxb2 Rxb2 20.a4 Rcb8 21.Rac1 Bh6
22.Rc5 Re2 23.Bb5 Rxe4 24.Rxc7 a6 25.Bxa6 Rxa4 26.Bc4 Bg7 27.Rdd7 Be5 28.Rc6
Ra1+ 29.Kg2 Rc1 30.Rxf7 Rc2 31.Re7 Bd4 32.Rcc7 Rxf2+ 33.Kh3 {#r} 1-0

[Event "It (open)"]
[Site "masterchessopen.com Metz (France)"]
[Round "5"]
[White "Taddei Benoit (FRA)"]
[Black "David Alberto (LUX)"]
[Result "0-1"]
[WhiteElo "2303"]
[BlackElo "2520"]

1.d4 Nf6 2.Nf3 g6 3.g3 Bg7 4.Bg2 O-O 5.c4 d5 6.cxd5 Nxd5 7.O-O Nb6 8.Nc3 Nc6
9.d5 Na5 10.e4 c6 11.Bg5 h6 12.Bf4 Nac4 13.b3 g5 14.bxc4 gxf4 15.Qb3 Qc7
16.Rac1 Nd7 17.Qa3 Re8 18.Rfe1 fxg3 19.hxg3 Qd6 20.Qxd6 exd6 21.dxc6 bxc6
22.e5 Nc5 23.exd6 Bg4 24.Nb1 Rad8 25.Rxe8+ Rxe8 26.Nh2 Nd3 27.Bxc6 Rd8 28.Rc2
Bf5 29.Bb5 Nc5 30.Rc1 Rxd6 31.Re1 a6 32.Be8 Kf8 33.Na3 Be6 34.Rxe6 Rxe6 {#R}
0-1

[Event "Ch Europe (juniors) (under 16) (g)"]
[Site "masterchessopen.com Mureck (Austria)"]
[Round "3"]
[White "Gasparian Narine (ARM)"]
[Black "Kradolfer Conny (SUI)"]
[Result "1-0"]
[WhiteElo "2107"]
[BlackElo "2038"]

1.d4 Nf6 2.c4 g6 3.g3 d5 4.Bg2 Bg7 5.Nf3 O-O 6.cxd5 Nxd5 7.O-O Nb6 8.Nc3 Nc6
9.e3 e5 10.d5 Na5 11.e4 c6 12.Bg5 f6 13.Be3 cxd5 14.Bxb6 Qxb6 15.Nxd5 Qd8
16.Nd2 Be6 17.Rc1 Rf7 18.Qa4 Rd7 19.b4 Nc6 20.Nb3 Bxd5 21.exd5 Nd4 22.Nxd4
exd4 23.Rc5 Re7 24.Rfc1 a6 25.d6 Qxd6 26.Bd5+ Kf8 27.Rc8+ Qd8 28.Rxd8+ Rxd8
29.Qb3 d3 30.Rd1 {#r} 1-0

[Event "Ch Sweden (team) 1998/99"]
[Site "masterchessopen.com Sweden"]
[Round "3"]
[White "Karlsson Lars (SWE)"]
[Black "Hellers Ferdinand (SWE)"]
[Result "0-1"]
[WhiteElo "2470"]
[BlackElo "2605"]

1.Nf3 Nf6 2.g3 g6 3.Bg2 Bg7 4.O-O O-O 5.c4 d5 6.cxd5 Nxd5 7.d4 Nb6 8.Nc3 Nc6
9.d5 Na5 10.e4 c6 11.Nd4 cxd5 12.exd5 e6 13.Nb3 Nxd5 14.Nxd5 exd5 15.Bxd5 Nc6
16.Qf3 Ne5 17.Qh1 Bh3 18.Re1 Qf6 19.Be3 Rad8 20.Bxb7 Bg4 21.h4 h6 22.Kg2 Nd3
23.Rf1 Be2 24.Kh2 Bxf1 25.Qxf1 Qxb2 26.Bg2 Qc2 27.Rd1 Ne5 28.Rxd8 Rxd8 29.Bxa7
Ng4+ 30.Kh3 Qf5 31.Be4 {#R} 0-1

[Event "It (open)"]
[Site "masterchessopen.com Ubeda (Spain)"]
[Round "4"]
[White "Khurtsidze Nino (GEO)"]
[Black "Aronian Levon (ARM)"]
[Result "0-1"]
[WhiteElo "2375"]
[BlackElo "2485"]

1.d4 Nf6 2.c4 g6 3.Nf3 Bg7 4.g3 O-O 5.Bg2 d5 6.cxd5 Nxd5 7.O-O Nb6 8.Nc3 Nc6
9.e3 Re8 10.h3 h6 11.Kh2 e5 12.dxe5 Nxe5 13.Nxe5 Bxe5 14.Qc2 c6 15.e4 h5 16.f4
Bg7 17.b3 a5 18.Be3 Nd7 19.Rad1 Qe7 20.Na4 Bh6 21.h4 f5 22.Bd4 fxe4 23.f5 Nf6
24.fxg6 Ng4+ 25.Kh1 Qc7 26.Bxe4 Qxg3 27.Rf3 Qxh4+ 28.Kg1 Qh2+ 29.Qxh2 Nxh2
30.Kxh2 Rxe4 31.Nc5 Rh4+ 32.Kg2 Bg4 33.Nd7 Bxd7 {#R} 0-1

[Event "It (open)"]
[Site "masterchessopen.com Creon (France)"]
[Round "0"]
[White "Rausis Igors (CZE)"]
[Black "Appendino Jerome (FRA)"]
[Result "1-0"]
[WhiteElo "2496"]
[BlackElo "2180"]

1.Nf3 Nf6 2.c4 g6 3.d4 Bg7 4.g3 O-O 5.Bg2 d5 6.cxd5 Nxd5 7.O-O Nb6 8.Nc3 Nc6
9.d5 Bxc3 10.dxc6 Qxd1 11.Rxd1 Bg7 12.Nd4 Rb8 13.b3 Rd8 14.Bb2 Bxd4 15.Bxd4
Bg4 16.Bxb6 Rxd1+ 17.Rxd1 axb6 18.cxb7 Kf8 19.Rd4 {#r} 1-0

[Event "Memorial N.Aratovsky"]
[Site "masterchessopen.com Saratov (Russia)"]
[Round "7"]
[White "Zakharevich Igor (RUS)"]
[Black "Karavaev Vladimir (RUS)"]
[Result "0-1"]
[WhiteElo "2523"]
[BlackElo "2376"]

1.d4 Nf6 2.c4 g6 3.Nf3 Bg7 4.g3 O-O 5.Bg2 d5 6.cxd5 Nxd5 7.O-O Nb6 8.Nc3 Nc6
9.e3 e5 10.d5 Ne7 11.e4 Bg4 12.h3 Bxf3 13.Qxf3 c6 14.Rd1 cxd5 15.exd5 Nf5
16.d6 Rb8 17.Be3 Nd4 18.Bxd4 exd4 19.Nb5 Nc4 20.Qb3 Nxd6 21.Nxa7 Qa5 {#R} 0-1

[Event "It (open)"]
[Site "masterchessopen.com Val Thorens (France)"]
[Round "0"]
[White "Foulon Greta (BEL)"]
[Black "Vareille Francois (FRA)"]
[Result "0-1"]
[WhiteElo "2042"]
[BlackElo "2427"]

1.d4 Nf6 2.c4 g6 3.g3 Bg7 4.Bg2 d5 5.cxd5 Nxd5 6.Nf3 O-O 7.O-O Nb6 8.Nc3 Nc6
9.e3 Re8 10.h3 h6 11.Re1 a5 12.b3 e5 13.dxe5 Nxe5 14.Nxe5 Bxe5 15.Bb2 c6
16.Qc2 Qe7 17.Rac1 a4 18.Kh2 axb3 19.Qxb3 Be6 20.Qc2 Nc4 21.Ba1 Na3 22.Qe4 Bf5
{#R} 0-1

[Event "It (blitz)"]
[Site "masterchessopen.com Wijk aan Zee (Netherlands)"]
[Round "2"]
[White "Timman Jan H (NED)"]
[Black "Svidler Peter (RUS)"]
[Result "0-1"]
[WhiteElo "2650"]
[BlackElo "2684"]

1.c4 g6 2.d4 Nf6 3.Nf3 Bg7 4.g3 O-O 5.Bg2 d5 6.cxd5 Nxd5 7.O-O Nb6 8.Nc3 Nc6
9.e3 Re8 10.Re1 e5 11.d5 Ne7 12.e4 Bg4 13.h3 Bxf3 14.Qxf3 c6 15.Bg5 h6 16.Bxe7
Qxe7 17.Rad1 Rad8 18.dxc6 bxc6 19.Bf1 Qb4 20.Qe2 Rd4 21.Qc2 Red8 22.a3 Qc5
23.Kg2 Bf8 24.Bd3 Kg7 25.Ne2 Rxd3 {#R} 0-1

[Event "Ch Hungary (KO-system)"]
[Site "masterchessopen.com Budapest (Hungary)"]
[Round "2"]
[White "Almasi Istvan (HUN)"]
[Black "Nogrady Vilmos (HUN)"]
[Result "1-0"]
[WhiteElo "2429"]
[BlackElo "2286"]

1.c4 Nf6 2.g3 g6 3.Bg2 d5 4.cxd5 Nxd5 5.Nf3 Bg7 6.d4 O-O 7.O-O Nb6 8.Nc3 Nc6
9.d5 Nb4 10.e4 e6 11.Bg5 f6 12.Be3 Qe7 13.Qb3 Kh8 14.Rfd1 Na6 15.Nb5 Bd7 16.a4
exd5 17.exd5 Rfd8 18.d6 cxd6 19.Nxa7 Nxa4 20.Qxb7 N4c5 21.Qb6 Rdb8 22.Qxd6
Qxd6 23.Rxd6 Bf8 24.Rxf6 Rxa7 25.Rxf8+ Rxf8 26.Bxc5 Rfa8 27.Bxa7 Rxa7 28.Bf1
Bc8 29.b4 Rf7 30.Ne5 Re7 31.Nxg6+ hxg6 32.Bxa6 Bh3 33.Bf1 {#r} 1-0

[Event "It (open)"]
[Site "masterchessopen.com Bydgoszcz (Poland)"]
[Round "2"]
[White "Vaulin Alexander (RUS)"]
[Black "Bogdanov Valentin (UKR)"]
[Result "1-0"]
[WhiteElo "2552"]
[BlackElo "2425"]

1.c4 Nf6 2.Nf3 g6 3.g3 Bg7 4.Bg2 O-O 5.d4 d5 6.cxd5 Nxd5 7.O-O Nb6 8.Nc3 Nc6
9.d5 Nb4 10.e4 c6 11.a3 Na6 12.dxc6 bxc6 13.Qc2 Nc5 14.Rd1 Qc7 15.Be3 Ne6
16.Bf1 Bb7 17.a4 a5 18.Rac1 Ba6 19.Bxa6 Rxa6 20.b3 Qb7 21.Ng5 Nxg5 22.Bxg5 h6
23.Be3 Nd7 24.Nb1 Ne5 25.Nd2 h5 26.Bd4 Rb8 27.Qc3 f6 28.Bxe5 fxe5 29.Qc4+ Kh7
30.Nf3 Rf8 31.Ng5+ Kh6 32.Ne6 Rf6 33.Nc5 {#r} 1-0

[Event "It (open)"]
[Site "masterchessopen.com Cannes (France)"]
[Round "4"]
[White "Paci Cedric (FRA)"]
[Black "Colovic Aleksandar (MKD)"]
[Result "1-0"]
[WhiteElo "2179"]
[BlackElo "2397"]

1.Nf3 g6 2.c4 Bg7 3.d4 Nf6 4.g3 O-O 5.Bg2 d5 6.cxd5 Nxd5 7.O-O Nb6 8.Nc3 Nc6
9.e3 a5 10.h3 a4 11.Re1 Be6 12.Ng5 Bc4 13.Nge4 e5 14.Nc5 exd4 15.Nxb7 Qc8
16.Bxc6 dxc3 17.bxc3 Rb8 18.Qf3 Bxc3 19.Ba3 Bxe1 20.Rxe1 Bxa2 21.Ra1 Bb3
22.Nc5 Qf5 23.Qxf5 gxf5 24.Nxa4 Nxa4 25.Bxa4 Rfd8 26.Be7 Rd1+ {#r} 1-0

[Event "Ch Israel (team)"]
[Site "masterchessopen.com Israel"]
[Round "5"]
[White "Zifroni Dov (ISR)"]
[Black "Gofshtein Zvulon (ISR)"]
[Result "0-1"]
[WhiteElo "2527"]
[BlackElo "2561"]

1.Nf3 Nf6 2.d4 g6 3.g3 Bg7 4.Bg2 d5 5.c4 O-O 6.cxd5 Nxd5 7.O-O Nb6 8.Nc3 Nc6
9.d5 Na5 10.Qc2 Bd7 11.Rd1 c6 12.dxc6 Nxc6 13.Bf4 Qc8 14.Rac1 Bf5 15.Qb3 Be6
16.Qb5 Rd8 17.Qc5 Rxd1+ 18.Rxd1 h6 19.h4 Nc4 20.Nd5 Nxb2 21.Rc1 Qd7 22.Nc7 Rd8
23.Qb5 Bc4 24.Qxb7 e5 25.Nd2 Na5 {#R} 0-1